Capitali del mondo - Click - Statistics

Statistiche generali
  • Questo quiz è stato fatto 31 volte
    24 dall'ultimo reset
  • Il punteggio medio è 92 su 196
Statistiche sulle risposte
Hint Risposta % Corretto
Albania Tirana
94%
Algeria Algeri
81%
Andorra Andorra la Vella
81%
Argentina Buenos Aires
81%
Australia Canberra
81%
Afghanistan Kabul
81%
Austria Vienna
81%
Brasile Brasília
75%
Cina Pechino
75%
Arabia Saudita Riad
75%
Grecia Atene
69%
Azerbaigian Baku
69%
Germania Berlino
69%
Belgio Bruxelles
69%
Danimarca Copenaghen
69%
Irlanda Dublino
69%
Israele Gerusalemme
69%
Egitto Il Cairo
69%
Bolivia La Paz / Sucre
69%
Canada Ottawa
69%
Francia Parigi
69%
Islanda Reykjavík
69%
Italia Roma
69%
Bulgaria Sofia
69%
Giappone Tokyo
69%
Croazia Zagabria
69%
Emirati Arabi Uniti Abu Dhabi
63%
Etiopia Addis Abeba
63%
Paesi Bassi Amsterdam
63%
Madagascar Antananarivo
63%
Svizzera Berna
63%
Colombia Bogotà
63%
Romania Bucarest
63%
Messico Città del Messico
63%
Città del Vaticano Città del Vaticano
63%
Bangladesh Dacca
63%
Indonesia Giacarta
63%
Finlandia Helsinki
63%
Malta La Valletta
63%
Cuba L'Avana
63%
Portogallo Lisbona
63%
Regno Unito Londra
63%
Angola Luanda
63%
Lussemburgo Lussemburgo
63%
Spagna Madrid
63%
Bielorussia Minsk
63%
Monaco Monaco
63%
Russia Mosca
63%
Cipro Nicosia
63%
India Nuova Delhi
63%
Repubblica Ceca Praga
63%
Corea del Nord Pyongyang
63%
Marocco Rabat
63%
San Marino San Marino
63%
Cile Santiago del Cile
63%
Bosnia ed Erzegovina Sarajevo
63%
Corea del Sud Seul
63%
Liechtenstein Vaduz
63%
Polonia Varsavia
63%
Lituania Vilnius
63%
Stati Uniti Washington
63%
Ghana Accra
56%
Turchia Ankara
56%
Paraguay Asunción
56%
Iraq Baghdad
56%
Thailandia Bangkok
56%
Libano Beirut
56%
Serbia Belgrado
56%
Ungheria Budapest
56%
Moldavia Chișinău
56%
Guatemala Città del Guatemala
56%
Siria Damasco
56%
Qatar Doha
56%
Armenia Erevan
56%
Ucraina Kiev
56%
Filippine Manila
56%
Kenya Nairobi
56%
Bahamas Nassau
56%
Norvegia Oslo
56%
Panama Panama
56%
Montenegro Podgorica
56%
Sudafrica Pretoria, Città del Capo, Bloemfontein
56%
Kosovo Pristina
56%
Ecuador Quito
56%
Lettonia Riga
56%
Macedonia del Nord Skopje
56%
Svezia Stoccolma
56%
Iran Teheran
56%
Libia Tripoli
56%
Tunisia Tunisi
56%
Nuova Zelanda Wellington
56%
Kuwait Al Kuwait
50%
Giordania Amman
50%
Belize Belmopan
50%
Guinea-Bissau Bissau
50%
Slovacchia Bratislava
50%
Senegal Dakar
50%
Gibuti Gibuti
50%
Giamaica Kingston
50%
Malesia Kuala Lumpur
50%
Perù Lima
50%
Slovenia Lubiana
50%
Maldive Malé
50%
Uruguay Montevideo
50%
Singapore Singapore
50%
Estonia Tallinn
50%
Camerun Yaoundé
50%
Eritrea Asmara
44%
Kazakistan Astana
44%
Venezuela Caracas
44%
Botswana Gaborone
44%
Vietnam Hanoi
44%
Pakistan Islamabad
44%
Nepal Kathmandu
44%
Bahrein Manama
44%
Somalia Mogadiscio
44%
Liberia Monrovia
44%
Burkina Faso Ouagadougou
44%
Cambogia Phnom Penh
44%
Benin Porto-Novo
44%
El Salvador San Salvador
44%
Repubblica Dominicana Santo Domingo
44%
São Tomé e Príncipe São Tomé
44%
Sri Lanka Sri Jayawardenepura Kotte
44%
Taiwan Taipei
44%
Laos Vientiane
44%
Nigeria Abuja
38%
Burundi Gitega
38%
Sudan Khartum
38%
Oman Mascate
38%
Ciad N'Djamena
38%
Suriname Paramaribo
38%
Haiti Port-au-Prince
38%
Capo Verde Praia
38%
Costa Rica San José
38%
Figi Suva
38%
Georgia Tbilisi
38%
Honduras Tegucigalpa
38%
Mongolia Ulan Bator
38%
Costa d'Avorio Yamoussoukro
38%
Brunei Bandar Seri Begawan
31%
Barbados Bridgetown
31%
Guinea Conakry
31%
Guyana Georgetown
31%
Repubblica Democratica del Congo Kinshasa
31%
Gabon Libreville
31%
Malawi Lilongwe
31%
Nicaragua Managua
31%
Mozambico Maputo
31%
Lesotho Maseru
31%
Comore Moroni
31%
Bhutan Thimphu
31%
Seychelles Victoria
31%
Turkmenistan Ashgabat
25%
Mali Bamako
25%
Repubblica Centrafricana Bangui
25%
Gambia Banjul
25%
Kirghizistan Bishkek
25%
Repubblica del Congo Brazzaville
25%
Timor Est Dili
25%
Tanzania Dodoma
25%
Tagikistan Dušanbe
25%
Sierra Leone Freetown
25%
Ruanda Kigali
25%
Togo Lomé
25%
Isole Marshall Majuro
25%
Myanmar Naypyidaw
25%
Mauritania Nouakchott
25%
Mauritius Port Louis
25%
Papua Nuova Guinea Port Moresby
25%
Dominica Roseau
25%
Antigua e Barbuda Saint John's
25%
Yemen Sana'a
25%
Kiribati Tarawa Sud
25%
Namibia Windhoek
25%
Nauru Yaren
25%
Samoa Apia
19%
Saint Lucia Castries
19%
Tuvalu Funafuti
19%
Sudan del Sud Giuba
19%
Zimbabwe Harare
19%
Isole Salomone Honiara
19%
Swaziland Mbabane
19%
Stati Federati di Micronesia Palikir
19%
Uzbekistan Tashkent
19%
Saint Kitts e Nevis Basseterre
13%
Uganda Kampala
13%
Zambia Lusaka
13%
Palau Ngerulmud
13%
Niger Niamey
13%
Tonga Nukuʻalofa
13%
Grenada Saint George's
13%
Guinea Equatoriale Ciudad de la Paz
6%
Saint Vincent e Grenadine Kingstown
6%
Trinidad e Tobago Port of Spain
6%
Vanuatu Port Vila
6%
Nessun quiz corrispondente trovato
Distribuzione punteggi
Percentuale di utenti per punteggio
Percentile per numero di risposta
I tuoi punteggi nel tempo
Non hai fatto questo quiz dall'ultimo reset